Songs zuordnen #1 - Statistiken

Allgemein
  • Dieses Quiz wurde 4.965 mal gespielt
  • Das Durchschnittsergebnis liegt bei 8 aus 10
Antwortstatistiken
Hint Extra Hint Antwort % Korrekt
… Baby One More Time 1999 Britney Spears
92%
Blinding Lights 2019 The Weeknd
88%
UpTown Funk! 2014 Mark Ronson feat. Bruno Mars
84%
Crazy in Love 2003 Beyonce feat. Jay-Z
79%
Something Just Like This 2017 The Chainsmokers & Coldplay
79%
Jein 1996 Fettes Brot
71%
No Limit 1993 2 Unlimited
69%
Von hier bis unendlich 2006 Helene Fischer
69%
I Need A Dollar 2010 Aloe Blacc
63%
Weisse Fahnen 2023 Peter Fox
59%
Keine übereinstimmenden Quizze gefunden
Verteilung der Resultate
Anzahl Personen mit jedem Resultat
Perzentil nach korrekt beantworteten Fragen
Ihre Resultats-Entwicklung
Sie haben dieses Quiz noch nicht gespielt